Industry 4.0: Managerial Challanges

Vplyv štvrtej priemyselnej revolúcie na fungovanie organizácií i samotnú pracovnú silu. Koncept Priemysel 4.0, jeho výhody, výzvy, ktorým musia manažéri v tejto súvislosti vo svojom výkone čeliť.

Salvato in:
Dettagli Bibliografici
Autore principale: Horváthová, Miroslava
Natura: Capitolo di libro
Lingua:inglese
Soggetti:
Tags: Aggiungi Tag
Nessun Tag, puoi essere il primo ad aggiungerne!!

MARC

LEADER 00000naa a2200000 4500
001 0259579
005 20191112102739.5
041 0 |a eng 
044 |a SK 
245 1 0 |a Industry 4.0: Managerial Challanges  |c Miroslava Horváthová 
520 |a Vplyv štvrtej priemyselnej revolúcie na fungovanie organizácií i samotnú pracovnú silu. Koncept Priemysel 4.0, jeho výhody, výzvy, ktorým musia manažéri v tejto súvislosti vo svojom výkone čeliť. 
610 2 0 |a priemysel 4.0 
610 2 0 |a manažment 
610 2 0 |a manažéri 
610 2 0 |a technológie nové 
100 1 |a Horváthová, Miroslava